000
00298nam a2200121Ia 4500
008
240624s9999 xx 000 0 und d
041
_a
eng
082
_a
413 LON
100
_a
LONGMAN
245
_a
BUSINESS ENGLISH DICTIONARY
260
_c
2001
_a
London
_b
Peter Collins
300
_a
454 : p. : cm. ; 30
999
_c
5532
_d
5532